000 00509nam a2200181Ia 4500
005 20250923144253.0
008 008 250917s9999 xx 000 0 eng d
037 _aTextual
040 _aDSWL
_beng
_cDSWL
041 _aeng
_2eng
084 _aS0L, H6
_qDSWL
100 _aRichards, T.W
_9823070
245 0 _aModern clinical psychology
_cby T.W Richards
260 _aNew York
_b McGrall-Hill
_c1946
300 _a331 p.
942 _cTEXL
_hS0L, H6
999 _c1436848
_d1436848